| 000 | 00000nam##2200000za#4500 |
| 001 | 9.643554 |
| 003 | CaOODSP |
| 005 | 20220622110039 |
| 007 | cr ||||||||||| |
| 008 | 150407|2005||||xxc|||||o f|0| 0 fre|d |
| 040 | |aCaOODSP|bfre |
| 043 | |an-cn--- |
| 086 | 1 |aH164-180/2005F-PDF |
| 110 | 1 |aCanada. |bSanté Canada. |bDirection des produits de santé naturels. |
| 245 | 10|aProgramme de recherche sur les produits de santé naturels - table ronde sur invitation dans le cadre d'une consultation sur l'établissement des priorités de recherche en médecine homéopathique au Canada : |h[ressource électronique]|bOttawa, les 10 et 11 janvier 2005 - rapport / |crédigé par Trish Dryden. |
| 260 | |aOttawa - Ontario : |bSanté Canada. |cLe 2 février 2005. |
| 300 | |a34p.|bréférences |
| 590 | |a14-14-Supp|b2014-07-24 |
| 691 | 07|aHoméopathie|2gcpds |
| 691 | 07|aRecherche médicale|2gcpds |
| 775 | 08|tNatural Health Products Research Program - research priority setting consultation on homeopathic medicine in Canada : |w(CaOODSP)9.699437 |
| 856 | 40|ahttp://publications.gc.ca|qPDF|s125 Ko|uhttps://publications.gc.ca/collections/collection_2014/sc-hc/H164-180-2005-fra.pdf |